Oxford Learner's Dictionary of Academic English

Enregistré dans:
Détails bibliographiques
Autres auteurs: Lea, Diana
Format: Livre
Langue:anglais
Publié: Oxford Oxford University Press 2018
Édition:1st Edition
Sujets:
Tags: Ajouter un tag
Pas de tags, Soyez le premier à ajouter un tag!

MARC

LEADER 00000nam a2200000 4500
001 0246749
005 20230113122737.0
020 |a 978-0-19-433350-4 
020 |a 978-0-19-433348-1 
020 |a 978-0-19-433349-8 
041 0 |a eng 
044 |a GB 
245 1 0 |a Oxford Learner's Dictionary of Academic English  |c Chief Editor: Diana Lea 
250 |a 1st Edition 
264 1 |a Oxford  |b Oxford University Press  |c 2018 
300 |a 916 s.  |e 1 CD-ROM 
610 2 0 |a jazykoveda 
610 2 0 |a terminológia 
610 2 0 |a pojmy 
610 2 0 |a angličtina 
610 2 0 |a tezaury 
700 1 |a Lea, Diana